| 000 | 00805nam a2200241 a 4500 | ||
|---|---|---|---|
| 001 | 19067 | ||
| 003 | CO-ViMGA | ||
| 008 | 141112s2004 ck r 000 u spa d | ||
| 020 | _a8427713398 | ||
| 040 |
_aCO-ViMGA _bspa _cCO-ViMGA |
||
| 082 | 0 | 4 | _a158.26 F375e |
| 100 | 1 |
_aFernández Lópiz, Enrique _927345 |
|
| 245 | 1 | 0 |
_aLos Equipos asistenciales en las instituciones : _bguía teórico - práctica de tecnicas de Análisis Transaccional |
| 260 |
_aMadrid : _bNarcea ediciones; 2000 |
||
| 300 | _a230 p. | ||
| 490 | _asociocultural | ||
| 590 |
_aForma de adquisición : Proyecto 2005 - - Precio : _81.000 |
||
| 650 | 1 | 4 |
_aANALISIS TRANSACCIONAL _927346 |
| 650 | 1 | 4 |
_aMOTIVACION LABORAL _927347 |
| 650 | 1 | 4 |
_aPERSONALIDAD - PSICOLOGIA _927348 |
| 650 | 1 | 4 |
_aPSICOLOGIA SOCIAL _93146 |
| 942 |
_2ddc _cBK |
||
| 999 |
_c28253 _d28253 |
||